Новый метод расчета соединительной решетки сложных стержней (Развитие метода Müller-Breslau-Kayser'a)

Detalhes bibliográficos
Autor principal: Булда С. А.
Idioma:russo
Publicado em: Житомир, Изд-во Волынского индустриального политехникума, 1934
Assuntos:
Formato: Livro
KOHA link:https://koha.lib.tpu.ru/cgi-bin/koha/opac-detail.pl?biblionumber=196002

MARC

LEADER 00000nam0a2200000 4500
001 196002
005 20231031182947.0
035 |a (RuTPU)RU\TPU\book\213830 
090 |a 196002 
100 |a 20110517d1930 k y0rusy50 ca 
101 0 |a rus 
102 |a UA 
105 |a a z 000zy 
200 1 |a Новый метод расчета соединительной решетки сложных стержней (Развитие метода Müller-Breslau-Kayser'a)  |f С. А. Булда 
210 |a Житомир  |c Изд-во Волынского индустриального политехникума  |d 1934 
215 |a 27 с.  |c ил. 
610 1 |a сложные стержни 
610 1 |a соединительные решетки 
610 1 |a расчет 
610 1 |a соединительные решетки 
675 |a 621.743  |v 3 
700 1 |a Булда  |b С. А. 
801 1 |a RU  |b 63413507  |c 20110517 
801 2 |a RU  |b 63413507  |c 20110823  |g RCR 
942 |c BK